| 000 | 00612nam a2200229Ia 4500 | ||
|---|---|---|---|
| 003 | OSt | ||
| 005 | 20230615162645.0 | ||
| 008 | 210423s2011 xx 000 0 und d | ||
| 020 | _a9789380108940 | ||
| 040 | _cAL | ||
| 041 | _aeng | ||
| 082 | _a530.04 DEVP | ||
| 100 |
_aDEVRIES (Paul L);HASBUN (Javier E). _997701 |
||
| 245 | _aFirst course in computational physics. | ||
| 250 | _a2 | ||
| 260 |
_aNew Delhi _bJones & Bartlett Publishers _c2011 |
||
| 300 |
_aviii,433 _bPB |
||
| 365 |
_b395 _cINR |
||
| 650 |
_aPhysics _997702 |
||
| 906 | _acomputational ; course ; First ; physics. | ||
| 942 |
_2ddc _cBK |
||
| 999 |
_c162033 _d162033 |
||